Land-use planning for sustainable development

Bibliographic Details
Main Author: SILBERSTEIN
Format: Book
Published: Boca Raton, Fla. : Lewis Pub. , 2000
Series:Sustainable community development series
Subjects:

MARC

LEADER 00000cam a2200000 7i4500
001 0000002066
005 20020919.0
020 0 0 |a 1566703255 
090 0 0 |a 333.73   |b SIL 2000 
100 1 0 |a SILBERSTEIN   |h Jane 
245 1 0 |a Land-use planning for sustainable development   |c Jane Silberstein, Chris Maser 
260 0 0 |a Boca Raton, Fla. :   |b Lewis Pub. ,   |c 2000 
300 |a 203 p. ;   |c 24 cm. 
440 0 0 |a Sustainable community development series 
500 0 0 |a Bibliography : (p. 195-203) and index 
650 0 0 |a Land use   |z United States   |x Planning 
650 0 0 |a Sustainable development   |z United States 
998 |a JPSM 
999 |a 0000003452   |b Monograph   |c Open Shelf   |e Default branch